[Event "Bundesliga 1920 final"]
[Site "Karlsruhe"]
[Date "2020.09.17"]
[Round "2.8"]
[White "Heinemann, Josefine"]
[Black "Rudolf, Henrik"]
[Result "1-0"]
[WhiteElo "2289"]
[BlackElo "2295"]
[PlyCount "81"]
[EventDate "2020.09.16"]
[EventType "team-tourn"]
[EventRounds "7"]
[EventCountry "GER"]
[SourceTitle "CBM 198 Extra"]
[Source "ChessBase"]
[SourceDate "2020.11.30"]
[SourceVersion "1"]
[SourceVersionDate "2020.11.30"]
[SourceQuality "1"]
[WhiteTeam "Viernheim"]
[BlackTeam "Berlin SF"]
[WhiteTeamCountry "GER"]
[BlackTeamCountry "GER"]

1. e4 c5 2. Nf3 Nc6 3. d4 cxd4 4. Nxd4 Qc7 5. Nc3 e6 6. Be2 Nf6 7. 0-0 a6 8. Be3 Be7 9. f4 d6 10. Qe1 0-0 11. Kh1 Nxd4 12. Bxd4 b5 13. Qg3 Bb7 14. a3 Rad8 15. Rae1 Bc6 16. Bd3 Rd7 17. e5 dxe5 18. Bxe5 Qb7 19. Ne4 Nh5 20. Qh3 g6 21. Re3 Rfd8 22. Ng5 Bc5 23. Re2 Rxd3 24. cxd3 Qd7 25. Ne4 Be7 26. Re3 f5 27. Nc3 a5 28. d4 b4 29. axb4 axb4 30. Nd1 Qd5 31. Qf3 Qc4 32. Qf2 Nf6 33. Ree1 Ne4 34. Qe3 Bh4 35. Nf2 Nxf2+ 36. Rxf2 Bxf2 37. Qxf2 Ra8 38. h3 Qd5 39. Kh2 Ra2 40. Re2 Qb5 41. Qh4 1-0

[Event "EU-Cup 35th"]
[Site "Ulcinj"]
[Date "2019.11.16"]
[Round "7.7"]
[White "Sengupta, Deep"]
[Black "Rudolf, Henrik"]
[Result "1-0"]
[WhiteElo "2557"]
[BlackElo "2319"]
[PlyCount "120"]
[EventDate "2019.11.10"]
[EventType "team-swiss"]
[EventRounds "7"]
[EventCountry "MNE"]
[SourceTitle "CBM 193 Extra"]
[Source "ChessBase"]
[SourceDate "2020.01.31"]
[SourceVersion "1"]
[SourceVersionDate "2020.01.31"]
[SourceQuality "1"]
[WhiteTeam "Koge Xtracon"]
[BlackTeam "Berlin SF"]
[WhiteTeamCountry "DEN"]
[BlackTeamCountry "GER"]

1. e4 c5 2. Nf3 Nc6 3. Nc3 e6 4. d4 cxd4 5. Nxd4 Qc7 6. g3 a6 7. Bg2 d6 8. Nxc6 bxc6 9. 0-0 e5 10. Na4 Bb7 11. c4 c5 12. Nc3 Nf6 13. f4 Be7 14. Qe2 0-0 15. f5 h6 16. h4 Rfb8 17. Be3 Bc6 18. Rad1 Rb4 19. Bc1 Rab8 20. Rf2 Qb7 21. Bf3 a5 22. g4 Nh7 23. Rh2 f6 24. Qf1 Qa6 25. Be2 Qa8 26. Bd3 a4 27. Rdd2 Qa5 28. Qd1 Qa8 29. Rdg2 R4b6 30. Rg3 R6b7 31. Bf1 Rb6 32. Qc2 Rb4 33. Rd2 Kh8 34. Bd3 Kg8 35. Nd1 Be8 36. Bf1 Bf7 37. Rdg2 Kf8 38. Bd2 R4b6 39. Bc3 Bd8 40. Nf2 Qa6 41. Qe2 R6b7 42. Nh3 Qa7 43. Qd3 Qa6 44. Rd2 Be7 45. Nf2 Ke8 46. Nd1 Nf8 47. Ne3 Nd7 48. Rh2 Nb6 49. g5 Bf8 50. gxf6 gxf6 51. Rg6 Ke7 52. h5 Rd7 53. Be1 Rdd8 54. Bh4 Nd7 55. Nd5+ Bxd5 56. Qxd5 Rdc8 57. Bxf6+ Nxf6 58. Rxf6 Kd7 59. Rf7+ Be7 60. f6 Rg8+ 1-0

[Event "EU-Cup 35th"]
[Site "Ulcinj"]
[Date "2019.11.14"]
[Round "5.8"]
[White "Rudolf, Henrik"]
[Black "Popov, Ivan1111"]
[Result "0-1"]
[WhiteElo "2319"]
[BlackElo "2625"]
[PlyCount "82"]
[EventDate "2019.11.10"]
[EventType "team-swiss"]
[EventRounds "7"]
[EventCountry "MNE"]
[SourceTitle "CBM 193 Extra"]
[Source "ChessBase"]
[SourceDate "2020.01.31"]
[SourceVersion "1"]
[SourceVersionDate "2020.01.31"]
[SourceQuality "1"]
[WhiteTeam "Berlin SF"]
[BlackTeam "Moscow Chess Team"]
[WhiteTeamCountry "GER"]
[BlackTeamCountry "RUS"]

1. e4 c6 2. d4 d5 3. e5 Bf5 4. Nd2 e6 5. Nb3 Nd7 6. Nf3 Ne7 7. Be2 h6 8. 0-0 Qc7 9. Bd2 g5 10. Bb4 Ng6 11. Bxf8 Rxf8 12. Re1 0-0-0 13. c3 g4 14. Nfd2 h5 15. Nf1 f6 16. exf6 Rxf6 17. Ng3 Nf4 18. Nxf5 Rxf5 19. Bd3 Rf6 20. Rc1 Rg8 21. Re3 h4 22. Rc2 h3 23. g3 Ng2 24. Ree2 e5 25. dxe5 Nxe5 26. Nd4 Nf3+ 27. Kh1 Nf4 28. Re3 Nxd4 29. cxd4 Nxd3 30. Qxd3 Rgf8 31. Kg1 Qf7 32. Qf1 Re6 33. Rce2 Rxe3 34. Rxe3 Qf6 35. Re5 Qf3 36. Re3 Qf6 37. Re5 a5 38. f4 gxf3 39. Qxh3+ Kb8 40. Qd7 f2+ 41. Kf1 Qg6 0-1

[Event "BL2-Nord 1819"]
[Site "Germany"]
[Date "2019.03.23"]
[Round "9.6"]
[White "Rudolf, Henrik"]
[Black "Berger, Steve"]
[Result "1/2-1/2"]
[WhiteElo "2300"]
[BlackElo "2435"]
[PlyCount "120"]
[EventDate "2018.11.10"]
[EventType "team-tourn"]
[EventRounds "10"]
[EventCountry "GER"]
[SourceTitle "CBM 190 Extra"]
[Source "ChessBase"]
[SourceDate "2019.07.15"]
[SourceVersion "1"]
[SourceVersionDate "2019.07.15"]
[SourceQuality "1"]
[WhiteTeam "Berlin SF II"]
[BlackTeam "Berlin Tegel"]
[WhiteTeamCountry "GER"]
[BlackTeamCountry "GER"]

1. e4 e6 2. d4 d5 3. Nc3 Nf6 4. Bg5 dxe4 5. Nxe4 Nbd7 6. Nf3 Be7 7. Nxf6+ Bxf6 8. h4 0-0 9. Qd2 e5 10. 0-0-0 e4 11. Bxf6 Nxf6 12. Ng5 Qd5 13. c4 Qd6 14. f3 exf3 15. gxf3 Bf5 16. c5 Qd5 17. b3 Qd7 18. Rg1 b5 19. Bd3 Rad8 20. Qf4 Bg6 21. Be4 Nh5 22. Qd2 c6 23. Kb2 Rfe8 24. Bxg6 fxg6 25. Ne4 Rf8 26. Nd6 Rxf3 27. d5 Nf4 28. dxc6 Qxc6 29. b4 a5 30. Ka1 Ra8 31. Rgf1 axb4 32. Qxb4 Rxf1 33. Rxf1 Qd5 34. Qb2 Ne6 35. Nxb5 Nxc5 36. Rb1 Rb8 37. Nc3 Rxb2 38. Nxd5 Rd2 39. Rb8+ Kf7 40. Nc3 Rc2 41. Nb5 Nd3 42. a3 Kf6 43. Rd8 Nc5 44. Kb1 Rc4 45. Rc8 Ke5 46. Rc7 Kd5 47. h5 gxh5 48. Rxg7 Rh4 49. Kc2 Rc4+ 50. Kd2 Ne4+ 51. Ke3 Nf6 52. a4 Rg4 53. Rxg4 hxg4 54. Kf4 Kc5 55. Nc3 h5 56. Kg5 Kd4 57. Ne2+ Ke3 58. Ng3 Ne4+ 59. Kxh5 Nxg3+ 60. Kxg4 Kd4 1/2-1/2

[Event "BL2-Nord 1718"]
[Site "Germany"]
[Date "2018.04.15"]
[Round "9.2"]
[White "Rudolf, Henrik"]
[Black "Kanarek, Marcel"]
[Result "1/2-1/2"]
[WhiteElo "2321"]
[BlackElo "2518"]
[PlyCount "75"]
[EventDate "2017.10.08"]
[EventType "team-tourn"]
[EventRounds "9"]
[EventCountry "GER"]
[SourceTitle "EXT 2019"]
[Source "ChessBase"]
[SourceDate "2018.10.10"]
[SourceVersion "1"]
[SourceVersionDate "2018.10.10"]
[SourceQuality "1"]
[WhiteTeam "Berlin SF II"]
[BlackTeam "Glueck Auf Ruedersdorf"]
[WhiteTeamCountry "GER"]
[BlackTeamCountry "GER"]

1. e4 e5 2. Nf3 Nc6 3. Bb5 g6 4. 0-0 Bg7 5. c3 a6 6. Ba4 Nge7 7. d4 exd4 8. cxd4 b5 9. Bb3 d6 10. a4 b4 11. a5 0-0 12. d5 Ne5 13. Nxe5 Bxe5 14. Nd2 Bg7 15. Nc4 Bd7 16. Be3 Bb5 17. Bd4 c5 18. Bxg7 Kxg7 19. Re1 Bxc4 20. Bxc4 g5 21. e5 Ng6 22. e6 Qf6 23. Qe2 Nf4 24. Qf1 fxe6 25. dxe6 d5 26. Bxa6 Ra7 27. e7 Rxe7 28. Rxe7+ Qxe7 29. g3 Ne6 30. Qg2 Nd4 31. Qxd5 Qf6 32. Bf1 Qxf2+ 33. Kh1 Rf5 34. Qb7+ Rf7 35. Qd5 Rf5 36. Qb7+ Rf7 37. Qd5 Rf5 38. Qb7+ 1/2-1/2

[Event "BL2-Nord 1718"]
[Site "Germany"]
[Date "2018.03.18"]
[Round "8.2"]
[White "Dziuba, Marcin"]
[Black "Rudolf, Henrik"]
[Result "1-0"]
[WhiteElo "2573"]
[BlackElo "2321"]
[PlyCount "67"]
[EventDate "2017.10.08"]
[EventType "team-tourn"]
[EventRounds "9"]
[EventCountry "GER"]
[SourceTitle "CBM 183 Extra"]
[Source "ChessBase"]
[SourceDate "2018.04.19"]
[SourceVersion "1"]
[SourceVersionDate "2018.04.19"]
[SourceQuality "1"]
[WhiteTeam "Kiel Turm"]
[BlackTeam "Berlin SF II"]
[WhiteTeamCountry "GER"]
[BlackTeamCountry "GER"]

1. d4 Nf6 2. c4 g6 3. g3 Bg7 4. Bg2 0-0 5. Nc3 d6 6. Nf3 Nbd7 7. 0-0 e5 8. e4 exd4 9. Nxd4 Re8 10. h3 Nc5 11. Re1 Bd7 12. Bf4 h6 13. g4 h5 14. f3 hxg4 15. fxg4 Ne6 16. Nxe6 Bxe6 17. e5 dxe5 18. Bxe5 c6 19. c5 Qxd1 20. Raxd1 Rad8 21. Bc7 Rxd1 22. Rxd1 Nd5 23. Nxd5 Bxd5 24. Bxd5 cxd5 25. b4 Re4 26. a3 Bb2 27. Rxd5 Bxa3 28. b5 f6 29. Bb8 Rb4 30. c6 bxc6 31. Rd8+ Kf7 32. bxc6 Rxb8 33. Rxb8 Bd6 34. c7 1-0

[Event "BL2-Nord 1718"]
[Site "Germany"]
[Date "2017.12.10"]
[Round "4.3"]
[White "Rudolf, Henrik"]
[Black "Mueer, Sebastian"]
[Result "0-1"]
[WhiteElo "2321"]
[BlackElo "2253"]
[PlyCount "58"]
[EventDate "2017.10.08"]
[EventType "team-tourn"]
[EventRounds "9"]
[EventCountry "GER"]
[SourceTitle "CBM 183 Extra"]
[Source "ChessBase"]
[SourceDate "2018.04.19"]
[SourceVersion "1"]
[SourceVersionDate "2018.04.19"]
[SourceQuality "1"]
[WhiteTeam "Berlin SF II"]
[BlackTeam "Oldenburg Union"]
[WhiteTeamCountry "GER"]
[BlackTeamCountry "GER"]

1. e4 c5 2. Nf3 Nc6 3. d4 cxd4 4. Nxd4 g6 5. Nc3 Bg7 6. Be3 Nf6 7. Bc4 0-0 8. Bb3 d6 9. h3 Bd7 10. 0-0 Rc8 11. f4 Nh5 12. f5 Ne5 13. Nd5 e6 14. fxe6 fxe6 15. Rxf8+ Qxf8 16. g4 Nc4 17. gxh5 exd5 18. Bxc4 Rxc4 19. c3 Qe7 20. h6 Qxe4 21. Qd2 Be5 22. Re1 Bxh3 23. Bg5 Qg4+ 24. Kh1 Rxd4 25. cxd4 Qf3+ 26. Kg1 Bxd4+ 27. Be3 Qg3+ 28. Kh1 Bg2+ 29. Qxg2 Qxe1+ 0-1

[Event "Oberliga Nord N 1617"]
[Site "Germany"]
[Date "2017.05.07"]
[Round "9.2"]
[White "Bente, Bjoern"]
[Black "Rudolf, Henrik"]
[Result "1/2-1/2"]
[WhiteElo "2282"]
[BlackElo "2354"]
[PlyCount "179"]
[EventDate "2016.10.16"]
[EventType "team-tourn"]
[EventRounds "9"]
[EventCountry "GER"]
[SourceTitle "EXT 2018"]
[Source "ChessBase"]
[SourceDate "2017.10.13"]
[SourceVersion "1"]
[SourceVersionDate "2017.10.13"]
[SourceQuality "1"]
[WhiteTeam "Hamburger SK"]
[BlackTeam "Rostock"]
[WhiteTeamCountry "GER"]
[BlackTeamCountry "GER"]

1. c4 Nf6 2. Nc3 g6 3. e4 d6 4. d4 Bg7 5. Nf3 0-0 6. Be2 e5 7. d5 Nbd7 8. Bg5 h6 9. Bh4 a5 10. 0-0 Nc5 11. Nd2 g5 12. Bg3 Nh7 13. Nb3 b6 14. Nxc5 bxc5 15. Bg4 Rb8 16. Nb5 f5 17. Bxf5 Bxf5 18. exf5 Rxf5 19. Rb1 Qd7 20. Qd2 Ra8 21. Qc2 Rf7 22. f3 a4 23. Nc3 Qf5 24. Qxf5 Rxf5 25. Nb5 Rf7 26. Rfe1 Nf6 27. Re2 Kh7 28. Rd1 Kg6 29. Rd3 Nh5 30. Ra3 Nxg3 31. hxg3 e4 32. Rxe4 Bxb2 33. Rae3 a3 34. Re6+ Kg7 35. Kf1 Ra4 36. R6e4 Rb4 37. Rd3 h5 38. Ke2 Be5 39. Nxa3 Ra4 40. Kf2 Rf8 41. f4 gxf4 42. gxf4 Rxf4+ 43. Rxf4 Bxf4 44. Ke2 Kf6 45. Rc3 Kf5 46. Kd3 Be5 47. Rb3 h4 48. Nc2 Rxa2 49. Rb7 Rb2 50. Rxb2 Bxb2 51. Ke3 Kg4 52. Ne1 Bd4+ 53. Ke2 Kf4 54. Nc2 Ke4 55. Na3 Bc3 56. Nb5 Ba5 57. Na7 Bc3 58. Nb5 Be5 59. Kd2 Bf4+ 60. Ke2 Bh2 61. Kd2 Bf4+ 62. Ke2 Bh6 63. Nxc7 Kd4 64. Nb5+ Kxc4 65. Nxd6+ Kxd5 66. Nf5 Bg5 67. Kd3 Ke5 68. Ng7 Bf6 69. Ne8 Be7 70. Nc7 Bd6 71. Nb5 Bb8 72. Nc3 Kf4 73. Ne2+ Kg4 74. Kc4 Bd6 75. Kd5 Bf8 76. Ke4 Bg7 77. Kd5 Bd4 78. Ke4 Bf2 79. Kd5 Kf5 80. Nc3 Kf4 81. Ne2+ Ke3 82. Nc3 Kd3 83. Ne4 Be3 84. Nd6 Bf2 85. Nc4 Ke2 86. Ne5 Be3 87. Kc4 Bd4 88. Ng6 Bf2 89. Nxh4 Bxh4 90. Kxc5 1/2-1/2

[Event "BL2-Nord 1516"]
[Site "Germany"]
[Date "2016.04.10"]
[Round "9.4"]
[White "Steczek, Marcin"]
[Black "Rudolf, Henrik"]
[Result "0-1"]
[WhiteElo "2350"]
[BlackElo "2340"]
[PlyCount "88"]
[EventDate "2015.09.19"]
[EventType "team-tourn"]
[EventRounds "9"]
[EventCountry "GER"]
[SourceTitle "EXT 2017"]
[Source "ChessBase"]
[SourceDate "2016.10.25"]
[SourceVersion "1"]
[SourceVersionDate "2016.10.25"]
[SourceQuality "1"]
[WhiteTeam "Ruedersdorf"]
[BlackTeam "Rostock"]
[WhiteTeamCountry "GER"]
[BlackTeamCountry "GER"]

1. Nf3 Nf6 2. c4 g6 3. Nc3 Bg7 4. g3 0-0 5. Bg2 d6 6. 0-0 e5 7. d3 h6 8. Rb1 Re8 9. Nd2 c6 10. b4 d5 11. e4 Bg4 12. Qc2 d4 13. Nd1 c5 14. bxc5 Na6 15. f3 Bc8 16. Nf2 Nxc5 17. Nb3 Nfd7 18. Bd2 Qc7 19. Bh3 b6 20. Nxc5 Nxc5 21. Bxc8 Raxc8 22. a4 f5 23. Kg2 Qc6 24. a5 bxa5 25. Bxa5 Rb8 26. Bb4 Bf8 27. Bxc5 Bxc5 28. Qd2 Kg7 29. Qa5 a6 30. h3 Rb6 31. Rxb6 Qxb6 32. Ra1 Re6 33. Qa2 Bb4 34. c5 Qc6 35. Qc4 a5 36. exf5 gxf5 37. g4 Rg6 38. Ra2 h5 39. Re2 hxg4 40. hxg4 fxg4 41. Re4 gxf3+ 42. Kxf3 Be1 43. Nd1 Qf6+ 44. Ke2 Rg1 0-1

[Event "BL2-Nord 1516"]
[Site "Germany"]
[Date "2015.09.20"]
[Round "1.3"]
[White "Rudolf, Henrik"]
[Black "Antal, Gergely"]
[Result "1-0"]
[WhiteElo "2340"]
[BlackElo "2554"]
[PlyCount "59"]
[EventDate "2015.09.19"]
[EventType "team-tourn"]
[EventRounds "9"]
[EventCountry "GER"]
[SourceTitle "EXT 2017"]
[Source "ChessBase"]
[SourceDate "2016.10.25"]
[SourceVersion "1"]
[SourceVersionDate "2016.10.25"]
[SourceQuality "1"]
[WhiteTeam "Rostock"]
[BlackTeam "Schwerin"]
[WhiteTeamCountry "GER"]
[BlackTeamCountry "GER"]

1. e4 c6 2. d4 d5 3. e5 c5 4. dxc5 Nc6 5. Bb5 e6 6. Be3 Nge7 7. Nf3 Nf5 8. Bg5 Qa5+ 9. Nc3 Bxc5 10. 0-0 Bb4 11. Bd3 Bxc3 12. bxc3 Qxc3 13. Rb1 0-0 14. Rb3 Qa5 15. Qc1 f6 16. exf6 g6 17. Bxf5 exf5 18. Re1 Bd7 19. Rxb7 Rf7 20. Qe3 Qd8 21. Ne5 Nxe5 22. Qxe5 Qa5 23. Rb8+ Rxb8 24. Qxb8+ Rf8 25. f7+ Kxf7 26. Re7+ Kg8 27. Qe5 Rf7 28. Rxf7 Kxf7 29. Qe7+ Kg8 30. Bh6 1-0

[Event "Bundesliga 1415"]
[Site "Germany"]
[Date "2015.02.01"]
[Round "9.4"]
[White "Maiwald, Jens Uwe"]
[Black "Rudolf, Henrik"]
[Result "1-0"]
[WhiteElo "2471"]
[BlackElo "2357"]
[PlyCount "101"]
[EventDate "2014.10.18"]
[EventType "team-tourn"]
[EventRounds "15"]
[EventCountry "GER"]
[SourceTitle "CBM 165"]
[Source "ChessBase"]
[SourceDate "2015.03.11"]
[SourceVersion "1"]
[SourceVersionDate "2015.03.11"]
[SourceQuality "1"]
[WhiteTeam "Dresden TU"]
[BlackTeam "Rostock"]
[WhiteTeamCountry "GER"]
[BlackTeamCountry "GER"]

1. d4 Nf6 2. Nf3 g6 3. Bg5 Bg7 4. Nbd2 d6 5. c3 0-0 6. e4 c5 7. d5 h6 8. Bh4 a6 9. Qc2 Nbd7 10. a4 b6 11. Be2 Re8 12. 0-0 Nh5 13. Rfe1 g5 14. Bg3 Nxg3 15. hxg3 Bb7 16. Qb3 Qc7 17. Nc4 e6 18. Ne3 exd5 19. exd5 Rxe3 20. fxe3 Re8 21. Bc4 Bc8 22. Re2 g4 23. Nh4 Be5 24. Rf1 Nf8 25. Qc2 Qe7 26. Nf5 Qg5 27. Qd3 Bxf5 28. Qxf5 Qxf5 29. Rxf5 Bxg3 30. Bxa6 Re4 31. b3 Nd7 32. Bc8 Ne5 33. Rf1 Ng6 34. Bf5 Re7 35. Bxg4 Ne5 36. Bf5 Kg7 37. b4 cxb4 38. cxb4 Nc4 39. Bd3 Ne5 40. Bf5 h5 41. a5 bxa5 42. bxa5 Ra7 43. Ra2 Bh4 44. a6 Bd8 45. Rb1 Nc4 46. Rb7 Bb6 47. Kh1 Bxe3 48. Rxa7 Bxa7 49. Rc2 Ne3 50. Rc7 Bd4 51. Be6 1-0

[Event "Bundesliga 1415"]
[Site "Germany"]
[Date "2015.01.31"]
[Round "8.3"]
[White "Rudolf, Henrik"]
[Black "Michalik, Peter"]
[Result "1/2-1/2"]
[WhiteElo "2357"]
[BlackElo "2570"]
[PlyCount "82"]
[EventDate "2014.10.18"]
[EventType "team-tourn"]
[EventRounds "15"]
[EventCountry "GER"]
[SourceTitle "CBM 165"]
[Source "ChessBase"]
[SourceDate "2015.03.11"]
[SourceVersion "1"]
[SourceVersionDate "2015.03.11"]
[SourceQuality "1"]
[WhiteTeam "Rostock"]
[BlackTeam "Berlin SF"]
[WhiteTeamCountry "GER"]
[BlackTeamCountry "GER"]

1. e4 e5 2. Nf3 Nc6 3. Bb5 Nf6 4. 0-0 Nxe4 5. d4 Nd6 6. Bxc6 dxc6 7. dxe5 Nf5 8. Qxd8+ Kxd8 9. h3 Bd7 10. Rd1 Kc8 11. a4 a5 12. g4 Ne7 13. Ra3 Nd5 14. Rad3 Be7 15. c4 Nb6 16. Ng5 h6 17. Ne4 Be6 18. b3 Nd7 19. f4 g6 20. Kh2 h5 21. Kg3 hxg4 22. hxg4 Rh4 23. Ba3 Rxg4+ 24. Kf3 Bxa3 25. Nxa3 Rh4 26. Ng5 Bf5 27. R3d2 b6 28. Nc2 Nc5 29. Rd8+ Kb7 30. Rxa8 Kxa8 31. Rd8+ Kb7 32. Nd4 Nd3 33. Ne2 Nc5 34. Nd4 Ne6 35. Ndxe6 fxe6 36. Re8 c5 37. Nxe6 Rh3+ 38. Kf2 Rh2+ 39. Kg3 Rh3+ 40. Kf2 Rh2+ 41. Kg3 Rh3+ 1/2-1/2

[Event "Bundesliga 1415"]
[Site "Germany"]
[Date "2014.12.07"]
[Round "6.4"]
[White "Rudolf, Henrik"]
[Black "Zaragatski, Ilja"]
[Result "0-1"]
[WhiteElo "2357"]
[BlackElo "2469"]
[PlyCount "72"]
[EventDate "2014.10.18"]
[EventType "team-tourn"]
[EventRounds "15"]
[EventCountry "GER"]
[SourceTitle "CBM 164"]
[Source "ChessBase"]
[SourceDate "2015.01.15"]
[SourceVersion "1"]
[SourceVersionDate "2015.01.15"]
[SourceQuality "1"]
[WhiteTeam "Rostock"]
[BlackTeam "Katernberg"]
[WhiteTeamCountry "GER"]
[BlackTeamCountry "GER"]

1. e4 g6 2. d4 Bg7 3. Nc3 d6 4. Nf3 Nf6 5. Be2 c5 6. d5 0-0 7. 0-0 Na6 8. Nd2 Nc7 9. a4 a6 10. a5 Nb5 11. Ndb1 e6 12. Bg5 h6 13. Bh4 exd5 14. exd5 Nd4 15. Nd2 Re8 16. Bd3 Nf5 17. Bxf5 Bxf5 18. Nc4 Qc7 19. f3 g5 20. Bg3 Rad8 21. Qd2 Nh5 22. Bxd6 Rxd6 23. Nxd6 Qxd6 24. g4 Nf4 25. Rae1 Rxe1 26. Rxe1 Bd4+ 27. Kh1 Bg6 28. Ne4 Bxe4 29. Rxe4 Bxb2 30. c4 Bd4 31. Re8+ Kg7 32. Qe1 Ng6 33. Qe4 Qc7 34. d6 Qxd6 35. Qxb7 Qf4 36. Re1 Be5 0-1

[Event "Bundesliga 1415"]
[Site "Germany"]
[Date "2014.12.06"]
[Round "5.4"]
[White "Heberla, Bartlomiej"]
[Black "Rudolf, Henrik"]
[Result "1-0"]
[WhiteElo "2567"]
[BlackElo "2357"]
[PlyCount "63"]
[EventDate "2014.10.18"]
[EventType "team-tourn"]
[EventRounds "15"]
[EventCountry "GER"]
[SourceTitle "CBM 164"]
[Source "ChessBase"]
[SourceDate "2015.01.15"]
[SourceVersion "1"]
[SourceVersionDate "2015.01.15"]
[SourceQuality "1"]
[WhiteTeam "Dortmund Hansa"]
[BlackTeam "Rostock"]
[WhiteTeamCountry "GER"]
[BlackTeamCountry "GER"]

1. e4 c5 2. Nf3 e6 3. g3 Nc6 4. Bg2 d6 5. 0-0 Nf6 6. Qe2 Be7 7. c3 0-0 8. d4 cxd4 9. cxd4 d5 10. e5 Ne8 11. h4 Bd7 12. Nc3 Rc8 13. Bg5 Bxg5 14. hxg5 Qb6 15. Rfd1 Nc7 16. Bf1 Ne7 17. Qd2 a6 18. Kg2 Bb5 19. Nxb5 Nxb5 20. Bd3 Ng6 21. Rh1 Rfd8 22. a4 Na7 23. Rh2 Nc6 24. Rah1 Kf8 25. Rxh7 Qb4 26. Qe3 Nce7 27. Nh4 Nxh4+ 28. R1xh4 Qxb2 29. Qf3 Rc3 30. Rh8+ Ng8 31. Rf4 Rd7 32. g6 1-0

[Event "Bundesliga 1415"]
[Site "Germany"]
[Date "2014.10.18"]
[Round "1.2"]
[White "Rudolf, Henrik"]
[Black "Ipatov, Alexander"]
[Result "1/2-1/2"]
[WhiteElo "2357"]
[BlackElo "2607"]
[PlyCount "70"]
[EventDate "2014.10.18"]
[EventType "team-tourn"]
[EventRounds "15"]
[EventCountry "GER"]
[SourceTitle "CBM 163"]
[Source "ChessBase"]
[SourceDate "2014.11.11"]
[SourceVersion "1"]
[SourceVersionDate "2014.11.11"]
[SourceQuality "1"]
[WhiteTeam "Rostock"]
[BlackTeam "Emsdetten Turm"]
[WhiteTeamCountry "GER"]
[BlackTeamCountry "GER"]

1. e4 g6 2. d4 Bg7 3. Nc3 a6 4. Nf3 d6 5. Bf4 Bg4 6. Be2 Nc6 7. d5 Bxf3 8. Bxf3 Nd4 9. 0-0 e5 10. dxe6 Nxe6 11. Be3 Ne7 12. Qd2 0-0 13. Rae1 Qd7 14. Bh6 Rad8 15. Bxg7 Kxg7 16. Nd5 c6 17. Qc3+ f6 18. Ne3 Ng5 19. Bg4 Qc7 20. Nc4 d5 21. exd5 Nxd5 22. Qb3 Rfe8 23. h4 Ne4 24. Bf3 Nc5 25. Qa3 Ne6 26. Ne3 Nxe3 27. Rxe3 Nd4 28. Rfe1 Nxc2 29. Re7+ Kh6 30. Qc5 b6 31. R1e4 bxc5 32. Rxc7 Nd4 33. Rxe8 Rxe8 34. Bxc6 Re1+ 35. Kh2 Nxc6 1/2-1/2

[Event "BL2-Nord 1314"]
[Site "Germany"]
[Date "2013.11.24"]
[Round "3.3"]
[White "Rudolf, Henrik"]
[Black "Thinius, Marco"]
[Result "1-0"]
[WhiteElo "2360"]
[BlackElo "2362"]
[PlyCount "69"]
[EventDate "2013.10.13"]
[EventType "team-tourn"]
[EventRounds "9"]
[EventCountry "GER"]
[SourceTitle "EXT 2015"]
[Source "ChessBase"]
[SourceDate "2014.11.20"]
[SourceVersion "1"]
[SourceVersionDate "2014.11.20"]
[SourceQuality "1"]
[WhiteTeam "Rostock"]
[BlackTeam "Berlin SF II"]
[WhiteTeamCountry "GER"]
[BlackTeamCountry "GER"]

1. e4 e5 2. Nf3 Nc6 3. Bb5 a6 4. Ba4 Nf6 5. 0-0 Be7 6. Re1 b5 7. Bb3 d6 8. c3 0-0 9. h3 Na5 10. Bc2 c5 11. d4 Qc7 12. Nbd2 Rd8 13. b4 cxb4 14. cxb4 Nc6 15. a3 exd4 16. Bb2 Bb7 17. Nb3 Ne5 18. Rc1 Nc4 19. Bxd4 Qd7 20. Bd3 Rac8 21. a4 h6 22. axb5 axb5 23. Na5 d5 24. Bxf6 Bxf6 25. e5 Be7 26. Nxb7 Qxb7 27. Qb3 Qb6 28. Bb1 Rc6 29. Rcd1 Re6 30. Bf5 d4 31. Bxe6 fxe6 32. Re4 d3 33. Rxd3 Rxd3 34. Qxd3 Bxb4 35. Qd7 1-0

[Event "BL2-Nord 1112"]
[Site "Germany"]
[Date "2012.04.15"]
[Round "9.1"]
[White "Rudolf, Henrik"]
[Black "Kopylov, Michael"]
[Result "1/2-1/2"]
[WhiteElo "2361"]
[BlackElo "2466"]
[PlyCount "118"]
[EventDate "2011.10.02"]
[EventType "team-tourn"]
[EventRounds "9"]
[EventCountry "GER"]
[SourceTitle "EXT 2015"]
[Source "ChessBase"]
[SourceDate "2014.11.20"]
[SourceVersion "1"]
[SourceVersionDate "2014.11.20"]
[SourceQuality "1"]
[WhiteTeam "Rostock"]
[BlackTeam "Norderstedt"]
[WhiteTeamCountry "GER"]
[BlackTeamCountry "GER"]

1. e4 Nf6 2. e5 Nd5 3. d4 d6 4. c4 Nb6 5. exd6 cxd6 6. d5 e6 7. Nc3 exd5 8. cxd5 Be7 9. Bd3 0-0 10. Nge2 N8d7 11. 0-0 Nc5 12. h3 Bf6 13. Be3 Re8 14. Rc1 Bg5 15. b4 Nxd3 16. Qxd3 Bxe3 17. fxe3 Qe7 18. e4 Bd7 19. Nd4 Rac8 20. Nf3 Nc4 21. a4 a6 22. b5 Rc5 23. bxa6 bxa6 24. Nd4 Qg5 25. Nf3 Ne5 26. Nxe5 Qxe5 27. Rfe1 g6 28. Qf3 Rec8 29. Rf1 f5 30. Ne2 Qxe4 31. Rxc5 Rxc5 32. Qxe4 fxe4 33. Ng3 Rc4 34. Rf6 Bxa4 35. Rxd6 Bb5 36. Re6 Rc1+ 37. Kh2 e3 38. Rxe3 Rd1 39. Ne4 Kg7 40. Nc3 Rd3 41. Re7+ Kf6 42. Rc7 Ke5 43. Nxb5 axb5 44. Rxh7 Rxd5 45. h4 Kd4 46. Rb7 Kc4 47. g4 b4 48. Rc7+ Kd3 49. Rb7 Kc3 50. Rc7+ Kb2 51. Rc6 g5 52. Rb6 b3 53. hxg5 Rxg5 54. Kg3 Kc3 55. Kf4 Rc5 56. g5 b2 57. g6 Rc4+ 58. Ke5 Rg4 59. Kf6 Kc2 1/2-1/2

[Event "BL2-Nord 1112"]
[Site "Germany"]
[Date "2011.12.11"]
[Round "4.4"]
[White "Rudolf, Henrik"]
[Black "Becker, Michael"]
[Result "1/2-1/2"]
[WhiteElo "2361"]
[BlackElo "2301"]
[PlyCount "127"]
[EventDate "2011.10.02"]
[EventType "team-tourn"]
[EventRounds "9"]
[EventCountry "GER"]
[SourceTitle "EXT 2015"]
[Source "ChessBase"]
[SourceDate "2014.11.20"]
[SourceVersion "1"]
[SourceVersionDate "2014.11.20"]
[SourceQuality "1"]
[WhiteTeam "Rostock"]
[BlackTeam "Halle Volksbank"]
[WhiteTeamCountry "GER"]
[BlackTeamCountry "GER"]

1. e4 c5 2. Nf3 Nc6 3. d4 cxd4 4. Nxd4 g6 5. Nc3 Bg7 6. Be3 Nf6 7. Bc4 0-0 8. Bb3 d6 9. f3 Na5 10. Qd2 Bd7 11. Bh6 Nxb3 12. axb3 Bxh6 13. Qxh6 e5 14. Nde2 b5 15. Qd2 b4 16. Na4 Bxa4 17. bxa4 Qb6 18. a5 Qc5 19. Nc1 Rac8 20. Nd3 Qxc2 21. Nxb4 Qxd2+ 22. Kxd2 d5 23. Rhc1 dxe4 24. Nc6 Rc7 25. Nxe5 Rb7 26. Rc2 Rd8+ 27. Ke2 exf3+ 28. Kxf3 Rb3+ 29. Kf2 Rdb8 30. Nc4 Ne4+ 31. Kg1 Rc8 32. Rac1 Rc5 33. h3 Rg5 34. Kh2 h5 35. a6 Rc5 36. h4 Kg7 37. Nd2 Rxc2 38. Rxc2 Nxd2 39. Rxd2 Rb6 40. Rd7 Rxa6 41. b4 Ra4 42. Kg3 Rxb4 43. Rxa7 Rg4+ 44. Kh3 Rf4 45. Ra6 Rf1 46. Rb6 f6 47. Rb7+ Kh6 48. Rb6 g5 49. hxg5+ Kxg5 50. Kh2 Ra1 51. Rb8 Ra5 52. Rb3 h4 53. Rc3 Ra2 54. Rb3 f5 55. Rc3 Re2 56. Ra3 f4 57. Ra5+ Kg4 58. Ra3 Re3 59. Ra8 h3 60. Rg8+ Kf5 61. Rf8+ Ke4 62. Re8+ Kd3 63. Rf8 hxg2 64. Rxf4 1/2-1/2